|
|
|
|
| LEADER |
01429nam a22003494a 4500 |
| 001 |
35710 |
| 003 |
BD-DhAAL |
| 005 |
20211129160134.0 |
| 008 |
190923t2003 caua b 001 0 eng |
| 999 |
|
|
|c 41376
|d 41376
|
| 010 |
|
|
|a 2002013710
|
| 020 |
|
|
|a 0761938508 (acidfree paper)
|
| 020 |
|
|
|a 0761938516 (pbk. : acidfree paper)
|
| 020 |
|
|
|a 9780761938514
|
| 040 |
|
|
|a DLC
|c DLC
|d DLC
|b BD-DhAAL
|
| 042 |
|
|
|a pcc
|
| 043 |
|
|
|a n-us---
|
| 050 |
0 |
0 |
|a QA13
|b .S49 2003
|
| 082 |
0 |
0 |
|a 372.70973
|2 21
|
| 100 |
1 |
|
|a Sheffield, Linda Jensen,
|d 1949-
|9 35117
|
| 245 |
1 |
0 |
|a Extending the challenge in mathematics :
|b developing mathematical promise in K-8 students /
|c Linda Jensen Sheffield.
|
| 260 |
|
|
|a Thousand Oaks, CA :
|b Corwin Press,
|c c2003.
|
| 300 |
|
|
|a ix, 150 pages :
|b illustrations ;
|c 27 cm.
|
| 504 |
|
|
|a Includes bibliographical references and index.
|
| 526 |
|
|
|a BIED
|
| 541 |
|
|
|a Complimentary copy from BIED
|e 35710
|
| 650 |
|
0 |
|a Mathematics
|x Study and teaching
|z United States.
|9 35118
|
| 650 |
|
0 |
|a Gifted children
|x Education
|z United States.
|9 35119
|
| 710 |
2 |
|
|a Texas Association for the Gifted and Talented.
|9 35120
|
| 852 |
|
|
|a Ayesha Abed Library
|c BIED Collection
|
| 942 |
|
|
|2 ddc
|c BK
|
| 952 |
|
|
|0 0
|1 0
|2 ddc
|4 0
|6 372_709730000000000_SHE
|7 0
|9 66474
|a BRACUL
|b BRACUL
|c GEN
|d 2019-09-23
|e Complimentary copy from BIED
|l 0
|o 372.70973 SHE
|p 3010035710
|r 2019-09-23
|t 1
|w 2019-09-23
|y BK
|x Transferred from BIED to General Stacks
|